000 00647nam a2200205Ii 4500
003 JO-AjNU
008 230605s9999||||xx |||||||||||||| ||und||
020 _a9973-16-355-9
040 _aJO-AjNU
_bara
_erda
_cJO-AjNU
041 _aara
050 1 4 _aPJ6161.A99 1900
100 3 _aعياد، شكري,
_eauthor
_940097
245 0 0 _aالنقد والبلاغة
264 3 1 _aتونس: دار المعارف للطباعة والنشر، 1900
300 _a62ص
336 _atext
_btxt
_2rdacontent
337 _aunmediated
_bn
_2rdamedia
338 _avolume
_bnc
_2rdacarrier
650 4 _aالنقد والبلاغة-نقد-بلاغة
_940098
999 _aA16988
_c20556
_d20556